01847nam a22003977a 4500999001700000003000900017005001700026008004100043020002900084020002600113020002900139020002600168040004300194082002100237100003700258245019000295250001900485250003500504264005200539264001000591300004500601336002600646337002800672338002700700500002100727505007900748650007200827650005300899653002300952655002400975700003700999700004501036942002501081952017901106952016401285 c18336d18308EG-ScBUE20200229110243.0140703t2010 maua f 001 0 eng d a9781424071142 (volume 4) a1424071143 (volume 4) a9781424071135 (volume 3) a1424071135 (volume 3) aEG-ScBUEbengerdacEG-ScBUEdEG-ScBUE04a808.042bFOL2221 aFolse, Keith S.,eauthor.91262910aGreat writing /cKeith S. Folse, University of Central Florida, April Muchmore-Vokoun, Hillsborough Community College, Elena Vestri Solomon, Emirates College for Advanced Education UAE. aThird edition. aInternational student edition. 1aBoston, MA :bHeinle, Cengage Learning,c[2010] 4cc2010 a2 volume :bcolor illustrations ;c28 cm 2rdacontentatextbtxt 2rdamediaaunmediatedbn 2rdacarrieravolumebnc aIncludes index. 0 aVolume 3. From great paragraphs to great essays -- Volume 4. Great essays. 7aEnglish languagexRhetoricvProblems, exercises, etc.2BUEsh930923 7aReport writingvProblems, exercises, etc.2BUEsh cJuly2014bHHUUEENN vReading book9342321 aClabeaux, David,eauthor.9360251 a Muchmore-Vokoun, April,eauthor.936026 2ddck808.042 FOLcBB 00102ddc40708BaccahaMAINbMAINc2NDd2014-07-03ePurchaseg120.00h19900l1m3o808.042 FOLp000036039r2025-07-15 00:00:00s2014-09-23v150.00w2014-07-03yBBzvolume 3 00102ddc40708BaccahaMAINbMAINc2NDd2014-07-03ePurchaseg120.00h19900l0o808.042 FOLp000036040r2025-07-15 00:00:00v150.00w2014-07-03yBBzvolume 4